Economics / Third Edition (Record no. 2642)
[ view plain ]
| 000 -LEADER | |
|---|---|
| fixed length control field | 01397cam a22002054a 4500 |
| 005 - ΗΜΕΡΟΜΗΝΙΑ ΚΑΙ ΩΡΑ ΤΕΛΕΥΤΑΙΑΣ ΕΝΗΜΕΡΩΣΗΣ | |
| Πεδίο ελέγχου | 20250605164049.0 |
| 008 - FIXED-LENGTH DATA ELEMENTS--GENERAL INFORMATION | |
| Πεδίο ελέγχου σταθερού μήκους | 250528s ||||||||||||||||||||||||d |
| 035 ## - SYSTEM CONTROL NUMBER | |
| System control number | 17208 |
| 020 ## - ISBN | |
| ISBN | 201537621 |
| 040 ## - ΠΗΓΗ ΚΑΤΑΛΟΓΟΓΡΑΦΗΣΗΣ | |
| Φορέας πρωτότυπης καταλογογράφησης | MC Athens Campus Library |
| Γλώσσα καταλογογράφησης | Ελληνικά, Μοντέρνα (1453-) |
| Modifying agency | MC Athens Campus Library |
| Κανόνες περιγραφικής καταλογογράφησης | AACR2 |
| 245 1# - ΤΙΤΛΟΣ ΚΑΙ ΔΗΛΩΣΗ ΥΠΕΥΘΥΝΟΤΗΤΑΣ | |
| Τίτλος | Economics / Third Edition |
| 250 ## - EDITION STATEMENT | |
| Edition statement | 3rd |
| 260 ## - PUBLICATION, DISTRIBUTION, ETC. | |
| Name of publisher, distributor, etc. | Addison-Wesley, |
| Date of publication, distribution, etc. | 1996 |
| 300 ## - PHYSICAL DESCRIPTION | |
| Extent | 1010 |
| 520 ## - SUMMARY, ETC. | |
| Summary, etc. | A fun and engaging way to review and master microeconomic and macroeconomic principles. Introduction, What is Economy? Making and Using Graphs, Production and Growth and Trade, Demand and Supply, Markets in Action, Markets for Good and Services, Utility and Demand, Organizing Production, Output and Costs, Competition, Monopoly, Monopolistic Competition and Oligopoly, Markets for Factors of Production, Pricing and Allocating Factors of Production, Labor Markets, Capital and Natural Resource Markets, Uncertainty and Information, Markets and Government, Market Failure and Public Choice, Regulation and Antitrust Law, Preliminaries and Long-Term Fundamentals, Employment and Unemployment, Long-Term Economic Growth, Macroeconomic Fluctuations and Policies, Expenditure Multipliers, Money, The Federal Reserve and Monetary Policy, Inflation, The Business Cycle, The Global Economy, Trading with the World, Emerging Economies. |
| 700 1# - ΠΡΟΣΘΕΤΗ ΑΝΑΓΡΑΦΗ--ΦΥΣΙΚΟ ΠΡΟΣΩΠΟ | |
| Personal name | Parkin Michael |
| 9 (RLIN) | 3320 |
| 942 ## - ADDED ENTRY ELEMENTS (KOHA) | |
| Koha item type | Books |
| Τύπος τεκμηρίου | Βιβλιοθήκη | Τρέχουσα τοποθεσία | Barcode | Αριθμός εισαγωγής | Ημερομηνία απόκτησης | Ταξιθετικό σύμβολο | Αριθμός αντιτύπου | Κατάσταση απόσυρσης | Κατάσταση χαμένου | Κατάσταση κατεστραμμένου | Μη δανεισμός | Σύνολο δανεισμών | Ημερομηνία τελευταίας εμφάνισης | Η τιμή ισχύει από |
|---|---|---|---|---|---|---|---|---|---|---|---|---|---|---|
| Books | MC Athens Campus Library | MC Athens Campus Library | 9780000026415 | 870 | 05/06/2025 | 330 PAR | 1 | 05/06/2025 | 05/06/2025 |